000 00314nam a2200133Ia 4500
008 231129s1966||||xx |||||||||||||| ||spa||
040 _bspa
082 _a155.3 S486s
100 _aSerna S. Juan
245 0 _aEl sentido psicológico del sexo
260 _c1966
264 _aCarpel Antorcha
942 _2ddc
_cBKS
999 _c12399
_d12399